000 02814nam2a2200337 4500
001 RU\NLR\BIBL_A\022630379
005 20260426071714.0
010 _a978-5-91116-866-7
_bт. 6
_9100
021 _aRU
_bКН-П-25-047260
_9КН-П-25-4589
035 _a(NLR Aleph) 022630379
090 _a13692141
_c13692141
100 _a20250925d2021 k y0rusy50 ca
101 0 _arus
102 _aRU
105 _ay z 100yy
200 0 _aТ. 6
_eматериалы молодёжных научно-практических конференций "Актуальные проблемы современного образования" и "Физическая культура и спорт в современных социально-экономических условиях"
_f...[Институт образования и социальных наук]
_gответственный редактор: Н. Ю. Шлат
210 _d2021
215 _a213 с.
461 0 _1001RU\NLR\BIBL_A\022629377
_12001#$aМолодёжь - науке. 2021$eматериалы молодёжных научно-практических конференций Псковского государственного университета по итогам научно-исследовательской работы в 2020/2021 учебном году$fМинистерство науки и высшего образования Российской Федерации, Псковский государственный университет...$vТ. 6
606 1 _aПедагогика
_jСъезды, совещания и т.п
_9921924
_3RU\NLR\AUTH\6619222
606 1 _aФизическая культура и спорт
_jСъезды, совещания и т.п
_z21 в.
_92661375
_3RU\NLR\AUTH\6601749402
686 1 _aЧ513(0)63я431
686 1 _aЧ30я431
702 1 _aШлат
_bН. Ю.
_gНаталья Юрьевна
_4340
711 1 2 _a"Актуальные проблемы современного образования", молодёжная научно-практическая конференция
_eПсков
_f2021
_92679007
_3RU\NLR\AUTH\880631820
711 1 2 _a"Физическая культура и спорт в современных социально-экономических условиях", молодёжная научно-практическая конференция
_eПсков
_f2021
_92679010
_3RU\NLR\AUTH\880631823
712 0 2 _4570
_aПсковский государственный университет
_bИнститут образования и социальных наук
_9833490
_3RU\NLR\AUTH\880583806
942 _cBOOK
980 _aNB